000
00336nam a2200145Ia 4500
008
150201s2008 xx 000 0 und d
082
_a
617.6
_b
O2008K
100
_a
ORBANS
245
_a
ORBANS ORAL HISTOLOGY
250
_a
12TH
260
_b
ELSEVIER
_a
DELHI
_c
2008
300
_a
1-364
650
_a
DENTAL ANATOMY
942
_2
ddc
_c
BK
_0
3
999
_c
4113
_d
4113